000 00776nam a2200253Ia 4500
003 OSt
005 20220923211133.0
006 a|||||r|||| 00| 0
007 ta
008 220922b |||||||| |||| 00| 0 hin d
020 _a8185469830 (hb)
024 _a230,849
037 _cTextual
040 _aARTS
_cARTS
_bhin
041 _2hin
_ahin
082 _aO152,3N42x, N7
100 _aस्वदेश दीपक
_9158625
245 0 _aमसखरे कभी नहीं रोते
246 _aMasakhare kabhī nahīan rote
260 _aपंचकूला
_b आधार प्रकाशन
_c1997
300 _a108पृ.
_ccm.
942 _hO152,3N42x, N7
_cTEXL
_2CC
999 _c295799
_d295799